000 00622nam a2200241 a 4500
999 _c1876
_d1876
001 1876
003 BD-JhCC
005 20211111134021.0
008 171025s2005 ii a|||| |||| 00| 0 eng d
020 _a8174906266
020 _a9788174906267
035 _a(BD-JhCC)1876
040 _aBD-JhCC
_dBD-JhCC
041 _aeng
082 _222
_a823.8
_bSTE 2005
100 _aStevenson, Louis, Robert
245 _aKidnapped /
_cRobert Louis Stevenson
260 _aDelhi
_bDhingra Publication House
_c2005
300 _a228 p. :
_bill. ;
_c22cm.
650 _aAdventure Stories
942 _2ddc
_cBK
_04